Catalog

Record Details

Catalog Search



Soundtrack : a novel  Cover Image Book Book

Soundtrack : a novel / Jason Reynolds.

Reynolds, Jason,: (author.).

Summary:

"Stuy Grey plays the drums, just like his mom, a founding member of the all-black punk band the Bed-Stuy Magic Dusters. He teaches himself by watching videos of tap dancers. Now he's left home, estranged from his mom and her abusive boyfriend. He's camping out with hisuncle on the Lower East Side. His landlord, Dunks, has chops: He shreds on only five strings. Add Alexis on bass guitar and Keith on horn: These teens are a band, busking in New York City subway stationsto scrape enough money to record an album. As their popularity grows, so do the pressures, from complicated family dynamics to the glare of unexpected public attention. And when the police start lookingfor their bassist, Stuy faces his toughest decision yet" -- Provided by publisher.

Record details

  • ISBN: 9798217231591
  • ISBN: 9798217231607
  • ISBN: 9798217231614
  • Physical Description: 324 pages ; 22 cm
  • Publisher: New York : Crown, [2026]

Content descriptions

General Note:
"Originally published as an audio original edition by Penguin Random House Audio...in 2025"--Title page verso.
Includes discussion questions.
Target Audience Note:
12-up.
Subject: Dysfunctional families > Juvenile fiction.
Teenagers > Juvenile fiction.
Rock groups > Juvenile fiction.
Street musicians > Juvenile fiction.
Fame > Juvenile fiction.
African Americans > Juvenile fiction.
New York (N.Y.) > Juvenile fiction.
Genre: Bildungsromans.
Fiction.

Available copies

  • 1 of 1 copy available at scottsboropl.

Holds

  • 0 current holds with 1 total copy.
Show Only Available Copies
Location Call Number / Copy Notes Barcode Shelving Location Status Due Date
scottsboropl YA Rey 32269001295776 Adult - New Available -

LDR 03121cam a2200637 i 4500
001167376
003SBPL
00520260409141647.0
008260401t20262025nyu d 000 1 eng d
020 . ‡a9798217231591 ‡q(hardback)
020 . ‡a9798217231607 ‡q(paperback)
020 . ‡a9798217231614 ‡q(library binding)
035 . ‡a(OCoLC)1582442438 ‡z(OCoLC)1553708888 ‡z(OCoLC)1559701558
08204. ‡a[Fic] ‡223/eng/20260401
1001 . ‡aReynolds, Jason,: ‡eauthor.
24510. ‡aSoundtrack : ‡ba novel / ‡cJason Reynolds.
264 1. ‡aNew York : ‡bCrown, ‡c[2026]
300 . ‡a324 pages ; ‡c22 cm
336 . ‡atext ‡btxt ‡2rdacontent
337 . ‡aunmediated ‡bn ‡2rdamedia
338 . ‡avolume ‡bnc ‡2rdacarrier
500 . ‡a"Originally published as an audio original edition by Penguin Random House Audio...in 2025"--Title page verso.
500 . ‡aIncludes discussion questions.
520 . ‡a"Stuy Grey plays the drums, just like his mom, a founding member of the all-black punk band the Bed-Stuy Magic Dusters. He teaches himself by watching videos of tap dancers. Now he's left home, estranged from his mom and her abusive boyfriend. He's camping out with hisuncle on the Lower East Side. His landlord, Dunks, has chops: He shreds on only five strings. Add Alexis on bass guitar and Keith on horn: These teens are a band, busking in New York City subway stationsto scrape enough money to record an album. As their popularity grows, so do the pressures, from complicated family dynamics to the glare of unexpected public attention. And when the police start lookingfor their bassist, Stuy faces his toughest decision yet" -- ‡cProvided by publisher.
5211 . ‡a12-up.
650 0. ‡aDysfunctional families ‡vJuvenile fiction.
650 0. ‡aTeenagers ‡vJuvenile fiction.
650 0. ‡aRock groups ‡vJuvenile fiction.
650 0. ‡aStreet musicians ‡vJuvenile fiction.
650 0. ‡aFame ‡vJuvenile fiction.
650 0. ‡aAfrican Americans ‡vJuvenile fiction.
651 0. ‡aNew York (N.Y.) ‡vJuvenile fiction.
655 7. ‡aBildungsromans. ‡2lcgft
655 7. ‡aFiction. ‡2lcgft
901 . ‡a167376 ‡bAUTOGEN ‡c167376 ‡tbiblio

Additional Resources